00701nam a2200169Ia 4500008004100000020001800041041000800059082001800067100004100085245013100126250000600257260006100263300001100324650003900335999001900374952013800393210716s2006 xx 000 0 und d a9780070606586 aeng a621.3916 RAYA aRay, Ajoy Kumar;Bhurchandi;Kishor M. aAdvanced microprocessors and peripherals: architecture programming and interfacing.bArchitecture programming and interfacing. a2 aNew DelhibTata McGraw Hill Publishing Company Ltdc2006 axx,689 aMicrocontrollers & Microprocessors c187563d187563 001040708MCAaAIMITbAIMITeHigginbothams Pvt Ltdg265.00l0o621.3916 RAYApMCA07071r2025-07-21 00:00:00v212.00w2021-07-16yBK